[Event "Championnat de France - Open A"]
[Site "NANCY"]
[Date "2013.08.18"]
[Round "6.5"]
[White "Helfer, Remi"]
[Black "Messinger, Karl"]
[Result "0-1"]
[WhiteElo "2064"]
[BlackElo "2139"]
[PlyCount "62"]
[EventDate "2013.??.??"]

1. e4 c5 2. d4 cxd4 3. c3 d3 4. c4 d6 5. Nc3 Nf6 6. Qxd3 g6 7. f4 Bg7 8. Be2
O-O 9. Nf3 Nbd7 10. O-O Nc5 11. Qc2 b6 12. e5 Bf5 13. exf6 Bxc2 14. fxg7 Kxg7
15. Ne1 Bf5 16. g4 Bd7 17. b4 Na4 18. Nd5 e6 19. Ne3 Bc6 20. Bd1 b5 21. Bxa4
bxa4 22. Bb2+ f6 23. g5 e5 24. Nd3 a3 25. Bc3 h6 26. gxf6+ Qxf6 27. Nxe5 Kh7
28. N3g4 Qf5 29. Ne3 Qe4 30. N5g4 h5 31. f5 hxg4 0-1

[Event "Championnat de France - Open A"]
[Site "NANCY"]
[Date "2013.08.18"]
[Round "6.6"]
[White "Naudier, Serge"]
[Black "Veron, Cyprien"]
[Result "0-1"]
[WhiteElo "2194"]
[BlackElo "2078"]
[PlyCount "92"]
[EventDate "2013.??.??"]

1. e4 e5 2. Nf3 Nc6 3. Nc3 Nf6 4. Bb5 d6 5. d4 exd4 6. Nxd4 Bd7 7. O-O Be7 8.
Re1 O-O 9. Bxc6 bxc6 10. Qf3 c5 11. Nf5 Rb8 12. Ne2 Bxf5 13. Qxf5 g6 14. Qf3
Nd7 15. Nf4 Bf6 16. Rb1 Re8 17. Nd5 Bg7 18. Qg3 Nb6 19. Bg5 f6 20. Nxb6 Rxb6
21. Bd2 Qd7 22. Bc3 a5 23. h4 a4 24. h5 gxh5 25. Bxf6 Qg4 26. Qc3 Bxf6 27. Qxf6
d5 28. Qf3 dxe4 29. Qc3 Rg6 30. Qc4+ Kh8 31. Qf1 Reg8 32. g3 Qf3 33. Re3 Rxg3+
34. fxg3 Qxe3+ 35. Kh1 Qxg3 36. Qf6+ Qg7 37. Qxg7+ Rxg7 38. Re1 Rg4 39. Re3 Kg7
40. Rc3 Kf6 41. Kh2 Ke6 42. Rh3 Rg5 43. Ra3 Kd5 44. Rxa4 e3 45. Ra8 e2 46. Rd8+
Ke4 0-1

[Event "Championnat de France - Open A"]
[Site "NANCY"]
[Date "2013.08.18"]
[Round "6.7"]
[White "Milesi, Laurent"]
[Black "Dutreuil, Raphael"]
[Result "1/2-1/2"]
[WhiteElo "2138"]
[BlackElo "2067"]
[PlyCount "82"]
[EventDate "2013.??.??"]

1. e4 c5 2. Nf3 e6 3. d4 cxd4 4. Nxd4 Nc6 5. Nc3 Qc7 6. Be2 a6 7. O-O $1 Nf6 8.
Kh1 Bb4 9. Bg5 Bxc3 10. Bxf6 gxf6 11. bxc3 Ne7 12. Qd2 b6 13. Qh6 Ng6 14. f4
Bb7 15. f5 O-O-O 16. fxg6 hxg6 17. Qf4 e5 18. Qg3 exd4 19. Qxc7+ Kxc7 20. Bd3
f5 21. exf5 dxc3 22. fxg6 fxg6 23. Rf6 g5 24. Rb1 Bc6 25. Rg6 Rdg8 26. Rxg8
Rxg8 27. Rb3 Re8 28. Kg1 Re1+ 29. Kf2 Ra1 30. a3 Kd6 31. Rxc3 b5 32. Be2 Ke5
33. Bf3 Bxf3 34. Kxf3 Kf5 35. Rc5+ Kf6 36. Kg4 Rxa3 37. Rf5+ Kg6 38. Rxg5+ Kh6
39. Rh5+ Kg6 40. Rd5 Ra4+ 41. Kg3 Rc4 1/2-1/2

[Event "Championnat de France - Open A"]
[Site "NANCY"]
[Date "2013.08.18"]
[Round "6.8"]
[White "Brest, Jean-Francois"]
[Black "Allard, Thomas"]
[Result "1/2-1/2"]
[WhiteElo "2079"]
[BlackElo "1984"]
[PlyCount "75"]
[EventDate "2013.??.??"]

1. d4 Nf6 2. c4 c5 3. d5 b5 4. cxb5 a6 5. f3 d6 6. e4 g6 7. Na3 Bg7 8. Ne2 O-O
9. Nc3 Nfd7 10. Bd3 axb5 11. Naxb5 Qb6 12. Be3 Ba6 13. a4 Ne5 14. Be2 f5 15. f4
Ng4 16. Bxg4 fxg4 17. Rb1 Bxb5 18. axb5 Bd4 19. Qd3 g5 20. g3 Nd7 21. O-O gxf4
22. gxf4 Rf6 23. Ne2 Bxe3+ 24. Qxe3 Qxb5 25. e5 dxe5 26. fxe5 Rxf1+ 27. Rxf1
Qxb2 28. Nc3 Nf8 29. d6 e6 30. Qg5+ Ng6 31. d7 Qxc3 32. Rd1 Qxe5 33. d8=Q+ Rxd8
34. Rxd8+ Kg7 35. Rd7+ Kg8 36. Rd8+ Kg7 37. Rd7+ Kg8 38. Rd8+ 1/2-1/2

[Event "Championnat de France - Open A"]
[Site "NANCY"]
[Date "2013.08.18"]
[Round "6.9"]
[White "Graeber, Fabien"]
[Black "Malassagne, Raphael"]
[Result "1/2-1/2"]
[WhiteElo "2070"]
[BlackElo "2158"]
[PlyCount "178"]
[EventDate "2013.??.??"]

1. Nf3 Nf6 2. c4 c6 3. d4 d5 4. Qc2 g6 5. Bf4 Bf5 6. Qb3 Qb6 7. Nbd2 Nbd7 8. h3
Bg7 9. e3 O-O 10. Be2 h6 11. g4 Be4 12. Nxe4 dxe4 13. Nd2 Rfe8 14. Qxb6 axb6
15. Bc7 Ra6 16. Nb3 e5 17. a3 exd4 18. Nxd4 Nh7 19. O-O-O Nhf8 20. Rd2 Nc5 21.
Bd1 Nd3+ 22. Kb1 Bxd4 23. exd4 Ne6 24. Be5 Nxe5 25. dxe5 Nc5 26. Re1 Rxe5 27.
Rd8+ Kg7 28. Re3 Re6 29. Bc2 Rf6 30. Rd2 Re6 31. b4 Na4 32. Bb3 Re7 33. Kc2 b5
34. Rd4 bxc4 35. Bxc4 b5 36. Bb3 f5 37. gxf5 gxf5 38. Rg3+ Kf6 39. Rd6+ Ke5 40.
Rxh6 Raa7 41. Bxa4 Rxa4 42. Rxc6 Rd7 43. Rc5+ Rd5 44. Rxd5+ Kxd5 45. h4 Ra6 46.
h5 Rh6 47. Rh3 Kd4 48. Kd2 f4 49. Kc2 Rc6+ 50. Kb3 e3 51. fxe3+ fxe3 52. h6
Rc3+ 53. Kb2 e2 54. Rxc3 e1=Q 55. Rc1 Qd2+ 56. Rc2 Qxh6 57. Rc5 Qe3 58. Rc2 Qe1
59. Rc1 Qe2+ 60. Rc2 Qe5 61. Rc5 Qf6 62. Kb3 Qf1 63. Kb2 Qh3 64. Ka2 Kd3 65.
Rd5+ Kc4 66. Rc5+ Kd4 67. Kb2 Qh8 68. Ka2 Qe8 69. Kb2 Qe7 70. Kb3 Qe2 71. Rc2
Qd1 72. Kb2 Kd3 73. Rc5 Qe2+ 74. Kb3 Qe6+ 75. Kb2 Qf6+ 76. Ka2 Qd4 77. Kb1 Qf2
78. Ka1 Kd2 79. Kb1 Qf7 80. Kb2 Qf6+ 81. Kb1 Qf1+ 82. Kb2 Qd3 83. Ka2 Ke1 84.
Kb2 Ke2 85. Ka2 Kd1 86. Kb2 Kd2 87. Ka2 Qd4 88. Kb1 Qe4+ 89. Kb2 Qd3 1/2-1/2

[Event "Championnat de France - Open A"]
[Site "NANCY"]
[Date "2013.08.18"]
[Round "6.10"]
[White "Feryn, Benjamin"]
[Black "Daurelle, Herve"]
[Result "0-1"]
[WhiteElo "2068"]
[BlackElo "2196"]
[PlyCount "128"]
[EventDate "2013.??.??"]

1. e4 c5 2. Nf3 d6 3. Bb5+ Nc6 4. O-O Bd7 5. Re1 a6 6. Bf1 Nf6 7. c3 Bg4 8. d3
e6 9. Nbd2 Be7 10. h3 Bh5 11. g4 Bg6 12. Nh4 Nd7 13. Nxg6 hxg6 14. f4 Qc7 15.
Nf3 O-O 16. Be3 d5 17. Qc2 b5 18. Bg2 dxe4 19. dxe4 Rad8 20. Qf2 e5 21. f5 c4
22. Ng5 Bxg5 23. Bxg5 f6 24. Be3 g5 25. Rad1 Ne7 26. h4 gxh4 27. g5 fxg5 28.
Bxg5 Nf6 29. Qxh4 Rxd1 30. Rxd1 Rd8 31. Rxd8+ Qxd8 32. Bxf6 Qb6+ 33. Qf2 Qxf2+
34. Kxf2 gxf6 35. b3 Nc8 36. bxc4 bxc4 37. Bf1 Nd6 38. Ke3 Kf7 39. Bg2 Ke7 40.
Bf3 Kd7 41. Kd2 Kc6 42. Kc2 Kb5 43. Kb2 Nb7 44. Bh5 Nc5 45. Be8+ Kb6 46. Bf7
Nxe4 47. Bxc4 Nd6 48. Be6 Kc5 49. Kc2 e4 50. Kd2 Nc4+ 51. Bxc4 Kxc4 52. Ke3
Kxc3 53. Kxe4 Kc4 54. a3 a5 55. a4 Kc5 56. Ke3 Kb4 57. Kd4 Kxa4 58. Kd5 Kb5 59.
Ke6 a4 60. Kxf6 a3 61. Ke7 a2 62. f6 a1=Q 63. f7 Qg7 64. Ke8 Kc6 0-1

[Event "Championnat de France - Open A"]
[Site "NANCY"]
[Date "2013.08.19"]
[Round "7.1"]
[White "Mirimanian, Haik"]
[Black "Messinger, Karl"]
[Result "1-0"]
[WhiteElo "2111"]
[BlackElo "2139"]
[PlyCount "163"]
[EventDate "2013.??.??"]

1. d4 c5 2. e3 Nf6 3. Nf3 e6 4. b3 Be7 5. Bb2 b6 6. Nbd2 Bb7 7. Bd3 O-O 8. O-O
cxd4 9. Nxd4 d5 10. c4 Nbd7 11. cxd5 Nc5 12. Be2 Bxd5 13. Rc1 Rc8 14. N4f3 Nce4
15. Ba6 Rxc1 16. Qxc1 Nc5 17. Be2 Qa8 18. Qa1 Rc8 19. Rc1 h6 20. h3 Be4 21. Ne1
Qb7 22. Bf3 Bxf3 23. Ndxf3 Nce4 24. Nd3 Rxc1+ 25. Qxc1 Qa6 26. Qb1 Bd6 27. Be5
Bxe5 28. Nfxe5 Qc8 29. Qc1 Qxc1+ 30. Nxc1 Kf8 31. Nc6 a5 32. Kf1 Ke8 33. Ke2
Kd7 34. Ne5+ Ke7 35. Nc4 Nd5 36. a3 Nd6 37. Kd3 Nxc4 38. Kxc4 Kd6 39. Nd3 f6
40. e4 Nc7 41. a4 Kc6 42. b4 Ne8 43. bxa5 bxa5 44. e5 fxe5 45. Nxe5+ Kd6 46.
Kd4 Nf6 47. Nc4+ Kd7 48. Nxa5 Nd5 49. Nc4 Nf4 50. Na3 Kd6 51. a5 Ne2+ 52. Kc4
Kc6 53. Nc2 Nf4 54. Nd4+ Kb7 55. Kb5 Nxg2 56. Nxe6 g5 57. Nd8+ Ka8 58. Ne6 Ka7
59. a6 Nh4 60. Nd4 Ng6 61. Ka5 Ne5 62. Nb5+ Ka8 63. Kb6 Nd7+ 64. Kc7 Nc5 65. a7
h5 66. f3 Na4 67. Kc6 Nb2 68. Kb6 Na4+ 69. Ka5 Nc5 70. Kb6 Na4+ 71. Kc7 Nb2 72.
Kc6 Na4 73. Kd5 Nb6+ 74. Ke6 Nc4 75. Kf6 Nd2 76. Nd4 g4 77. fxg4 hxg4 78. hxg4
Nc4 79. g5 Nd6 80. Ke6 Ne8 81. Nf5 Kxa7 82. Kd7 1-0

[Event "Championnat de France - Open A"]
[Site "NANCY"]
[Date "2013.08.19"]
[Round "7.2"]
[White "Rubino, William"]
[Black "Bianchi, Guillaume"]
[Result "0-1"]
[WhiteElo "2123"]
[BlackElo "2175"]
[PlyCount "78"]
[EventDate "2013.??.??"]

1. e4 c5 2. Nf3 d6 3. d4 cxd4 4. Nxd4 Nf6 5. Nc3 a6 6. h3 e6 7. g4 Be7 8. Bg2
Nfd7 9. O-O Nc6 10. Nce2 O-O 11. b3 Nde5 12. Bb2 Ng6 13. Nxc6 bxc6 14. Qd2 Qc7
15. c4 a5 16. Bd4 a4 17. Qb2 e5 18. Be3 Be6 19. Qc3 Qc8 20. Qd2 Qa6 21. Rab1
Rfb8 22. Rfc1 Rb7 23. Qc3 axb3 24. axb3 Rbb8 25. Ra1 Qc8 26. Rxa8 Rxa8 27. b4
h5 28. f3 Nh4 29. Ng3 hxg4 30. fxg4 Ra2 31. Rc2 Qa6 32. Bf1 Ra3 33. Nf5 Rxc3
34. Nxe7+ Kf8 35. Rxc3 Qa1 36. Rc1 Qb2 37. Kh1 Kxe7 38. b5 c5 39. b6 f6 0-1

[Event "Championnat de France - Open A"]
[Site "NANCY"]
[Date "2013.08.19"]
[Round "7.3"]
[White "Samoun, Florent"]
[Black "Dudognon, Thibault"]
[Result "1-0"]
[WhiteElo "2116"]
[BlackElo "2001"]
[PlyCount "107"]
[EventDate "2013.??.??"]

1. Nf3 Nf6 2. d4 e6 3. g3 b6 4. Bg2 Bb7 5. O-O Be7 6. c4 O-O 7. Nc3 d5 8. Ne5
Qc8 9. cxd5 exd5 10. Qb3 c6 11. Bg5 h6 12. Bxf6 Bxf6 13. f4 Nd7 14. e4 Bxe5 15.
fxe5 c5 16. Nxd5 Bxd5 17. exd5 cxd4 18. Rac1 Qa6 19. d6 Rad8 20. e6 fxe6 21.
Qxe6+ Kh8 22. Rxf8+ Nxf8 23. Qe7 Qd3 24. Re1 Qd2 25. Re5 Qc1+ 26. Bf1 Qc8 27.
Qf7 d3 28. Re7 Qc5+ 29. Kg2 Qc2+ 30. Kh3 Qxb2 31. Bxd3 Qf6 32. Bc4 Qxf7 33.
Bxf7 g5 34. Re8 Rxe8 35. Bxe8 Kg7 36. Kg4 Kf6 37. Kh5 Kg7 38. Bb5 a5 39. a4 Ne6
40. d7 Nd8 41. Bc4 Kh7 42. Bb3 Kg7 43. Bd5 Kh7 44. h4 gxh4 45. Kxh4 Kg6 46. g4
Kf6 47. Kh5 Ke5 48. Bc4 Kd6 49. Kxh6 Kxd7 50. g5 Kd6 51. g6 Nc6 52. g7 Ne7 53.
Kh7 b5 54. Bxb5 1-0

[Event "Championnat de France - Open A"]
[Site "NANCY"]
[Date "2013.08.19"]
[Round "7.4"]
[White "Peyre, Thomas"]
[Black "Kassis, Antoine"]
[Result "1-0"]
[WhiteElo "2098"]
[BlackElo "2108"]
[PlyCount "73"]
[EventDate "2013.??.??"]

1. e4 e5 2. Nf3 Nc6 3. Bb5 a6 4. Ba4 Nf6 5. O-O b5 6. Bb3 Bc5 7. a4 Rb8 8. axb5
axb5 9. Nxe5 Nxe5 10. d4 Bxd4 11. Qxd4 d6 12. f4 Nc6 13. Qc3 Ne7 14. Ra7 Bb7
15. e5 Ne4 16. Qe3 Nc5 17. exd6 Qxd6 18. Re1 Nxb3 19. cxb3 Bc8 20. Nc3 Be6 21.
Nxb5 Rxb5 22. Ra8+ Kd7 23. Rxh8 Rxb3 24. Qf2 Nf5 25. Ra8 Rd3 26. Ra1 Nd4 27.
Be3 Nb3 28. Rab1 Bf5 29. Qe2 Nd4 30. Bxd4 Qxd4+ 31. Kh1 Rd2 32. Rbd1 Rd3 33.
Rxd3 Bxd3 34. Qe8+ Kd6 35. Qd8+ Kc5 36. Rc1+ Bc4 37. b4+ 1-0

[Event "Championnat de France - Open A"]
[Site "NANCY"]
[Date "2013.08.19"]
[Round "7.5"]
[White "Veron, Cyprien"]
[Black "Najart, David"]
[Result "0-1"]
[WhiteElo "2078"]
[BlackElo "2156"]
[PlyCount "108"]
[EventDate "2013.??.??"]

1. Nf3 Nf6 2. c4 g6 3. g3 Bg7 4. Bg2 O-O 5. O-O d6 6. d4 Nc6 7. Nc3 a6 8. h3
Rb8 9. Be3 Bd7 10. Re1 b5 11. cxb5 axb5 12. d5 Na5 13. b3 b4 14. Na4 Bxa4 15.
bxa4 Ne4 16. Nd4 Nc3 17. Qc2 Nc4 18. Nc6 Nxe3 19. fxe3 Qd7 20. Rab1 Nxb1 21.
Nxb8 Rxb8 22. Rxb1 Qc8 23. Qe4 Be5 24. Rxb4 Rxb4 25. Qxb4 Bxg3 26. Qg4 Qxg4 27.
hxg4 Be1 28. Be4 Kg7 29. Kg2 Kf6 30. Kf3 Ke5 31. Bc2 Kxd5 32. Bb3+ Ke5 33. Bxf7
d5 34. e4 dxe4+ 35. Ke3 Ba5 36. g5 Bb6+ 37. Kd2 Kf5 38. Bg8 Kxg5 39. Bxh7 Kf6
40. Bg8 e6 41. e3 g5 42. Bh7 Ke5 43. Ke2 c5 44. Bg6 g4 45. Bh5 g3 46. Kf1 c4
47. Kg2 Bxe3 48. Kxg3 Kd4 49. Bd1 Kd3 50. a5 c3 51. a6 c2 52. Bxc2+ Kxc2 53. a7
Bxa7 54. Kf4 Kd3 0-1

[Event "Championnat de France - Open A"]
[Site "NANCY"]
[Date "2013.08.19"]
[Round "7.6"]
[White "Daurelle, Herve"]
[Black "Cornaton, Antoine"]
[Result "1-0"]
[WhiteElo "2196"]
[BlackElo "1995"]
[PlyCount "133"]
[EventDate "2013.??.??"]

1. e4 e6 2. d4 d5 3. Nd2 Nf6 4. e5 Nfd7 5. c3 c5 6. Bd3 Nc6 7. Ne2 cxd4 8. cxd4
f6 9. exf6 Nxf6 10. O-O Bd6 11. Nf3 Qc7 12. g3 O-O 13. Bf4 Bd7 14. Rc1 Be8 15.
Ng5 Bf7 16. Re1 h6 17. Nxf7 Rxf7 18. Bg6 Re7 19. Qd2 Qd7 20. Bxd6 Qxd6 21. f4
a6 22. a3 Nd7 23. Bb1 Nf8 24. Nc3 b6 25. b4 Na7 26. f5 Nb5 27. f6 gxf6 28. Qxh6
Rf7 29. Nxb5 axb5 30. Rc3 f5 31. Rf3 Rh7 32. Qe3 Raa7 33. Qe2 Qc6 34. Bd3 Rxa3
35. Bxf5 Rha7 36. Rxa3 Rxa3 37. Bxe6+ Nxe6 38. Qxe6+ Qxe6 39. Rxe6 Rb3 40. Rd6
Rxb4 41. Rxd5 Rb2 42. Rd6 b4 43. Rxb6 b3 44. Rb7 Rd2 45. Rxb3 Rxd4 46. Rb2 Kg7
47. Kg2 Kg6 48. h4 Kh5 49. Rb5+ Kg6 50. Kh3 Rd3 51. h5+ Kh6 52. Kh4 Rd1 53.
Rb6+ Kh7 54. Rf6 Kg7 55. Kg5 Rg1 56. Rg6+ Kh7 57. g4 Kh8 58. Re6 Kh7 59. Re7+
Kg8 60. Kf5 Kf8 61. Rd7 Kg8 62. g5 Ra1 63. g6 Rg1 64. Kf6 Rf1+ 65. Kg5 Rf8 66.
h6 Ra8 67. h7+ 1-0

[Event "Championnat de France - Open A"]
[Site "NANCY"]
[Date "2013.08.19"]
[Round "7.9"]
[White "Meunier, Clement"]
[Black "Leuly, Max"]
[Result "1-0"]
[WhiteElo "2025"]
[BlackElo "2096"]
[PlyCount "73"]
[EventDate "2013.??.??"]

1. d4 d5 2. c4 e6 3. Nc3 c5 4. cxd5 exd5 5. Nf3 Nc6 6. g3 Nf6 7. Bg2 Be7 8. O-O
O-O 9. dxc5 Bxc5 10. Na4 Be7 11. Be3 Be6 12. Rc1 Ng4 13. Bc5 Rc8 14. Nd4 Nxd4
15. Bxd4 Nf6 16. Qb3 Qa5 17. Nc5 Qd2 18. Rfd1 Qh6 19. e3 b6 20. Na6 Rfd8 21.
Nc7 Rb8 22. Bxf6 Qxf6 23. Bxd5 Bg4 24. Rd4 Bh5 25. Rf4 Qe5 26. Bxf7+ Bxf7 27.
Qxf7+ Kh8 28. Ne6 Qxb2 29. Rc2 Qb1+ 30. Kg2 Rg8 31. Rcc4 Rbe8 32. Nxg7 Rgf8 33.
Qe6 Kxg7 34. Rxf8 Kxf8 35. Rf4+ Kg7 36. Rf7+ Kh8 37. Qe5+ 1-0

[Event "Championnat de France - Open A"]
[Site "NANCY"]
[Date "2013.08.19"]
[Round "7.10"]
[White "Dubois, Pierre"]
[Black "Helfer, Remi"]
[Result "0-1"]
[WhiteElo "2082"]
[BlackElo "2064"]
[PlyCount "62"]
[EventDate "2013.??.??"]

1. e4 e5 2. Nf3 Nc6 3. d4 exd4 4. Nxd4 Nf6 5. Nc3 Bb4 6. Nxc6 bxc6 7. Bd3 d5 8.
exd5 cxd5 9. O-O O-O 10. Bg5 c6 11. Qf3 h6 12. Bf4 Re8 13. h3 Bd6 14. Rad1 Rb8
15. b3 Rb4 16. Bd2 Ng4 17. Rfe1 Ne5 18. Qg3 Re6 19. Bf5 Rf6 20. Bxc8 Nf3+ 21.
Qxf3 Rxf3 22. Bg4 Rf6 23. Ne2 Re4 24. Bc1 Bc5 25. Rf1 Qb6 26. Nc3 Bxf2+ 27. Kh1
Rxg4 28. hxg4 Qb4 29. Rd3 Qxg4 30. Rh3 d4 31. Nd1 Qe2 0-1

[Event "Championnat de France - Open A"]
[Site "NANCY"]
[Date "2013.08.20"]
[Round "8.1"]
[White "Peyre, Thomas"]
[Black "Mirimanian, Haik"]
[Result "1-0"]
[WhiteElo "2098"]
[BlackElo "2111"]
[PlyCount "69"]
[EventDate "2013.??.??"]

1. e4 e5 2. Nf3 Nc6 3. Bc4 Nf6 4. d3 h6 5. c3 d6 6. Bb3 g6 7. O-O Bg7 8. Nbd2
O-O 9. a4 Kh8 10. Nc4 Nh7 11. d4 exd4 12. Nxd4 Nxd4 13. cxd4 Ng5 14. f3 d5 15.
Ne5 dxe4 16. Bxg5 Qxg5 17. Nxf7+ Rxf7 18. Bxf7 Bh3 19. Qc2 exf3 20. Rxf3 Bf5
21. Qxc7 Bxd4+ 22. Kh1 Rc8 23. Qf4 Bxb2 24. Qxg5 hxg5 25. Re1 Rc7 26. Bb3 Bd4
27. h3 g4 28. hxg4 Bxg4 29. Rf7 Rxf7 30. Bxf7 Bf5 31. Bd5 b6 32. Re7 a6 33. Bc4
Bc2 34. Bxa6 Bxa4 35. Re4 1-0

[Event "Championnat de France - Open A"]
[Site "NANCY"]
[Date "2013.08.20"]
[Round "8.2"]
[White "Bianchi, Guillaume"]
[Black "Samoun, Florent"]
[Result "1/2-1/2"]
[WhiteElo "2175"]
[BlackElo "2116"]
[PlyCount "102"]
[EventDate "2013.??.??"]

1. Nf3 e6 2. c4 Nf6 3. g3 Be7 4. Bg2 d5 5. d4 O-O 6. O-O c6 7. Qc2 Nbd7 8. Nbd2
b5 9. b3 bxc4 10. bxc4 Ba6 11. Re1 c5 12. Qa4 Qc8 13. Ba3 Re8 14. Rac1 Nb6 15.
Qa5 Nxc4 16. Nxc4 dxc4 17. dxc5 Rb8 18. Nd4 Bf8 19. Rb1 Qd8 20. Qxa6 Rxb1 21.
Rxb1 Qxd4 22. Rc1 Ne4 23. e3 Qd2 24. Rf1 Qxa2 25. Qb5 Rc8 26. Bb4 Qb3 27. Qa6
Rc7 28. Qa5 Rc8 29. Qa6 Rc7 30. Qa5 Rd7 31. h3 Nf6 32. Bc3 Nd5 33. c6 Rd6 34.
Bxd5 exd5 35. Bb4 Rxc6 36. Bxf8 Qb6 37. Qa3 c3 38. Bb4 c2 39. Bd2 h6 40. Qd3
Qb2 41. Bc1 Qa2 42. Qb5 Re6 43. Bd2 a6 44. Qb8+ Kh7 45. Bc3 Rc6 46. Qe5 f6 47.
Qf5+ Kh8 48. Bd2 Rb6 49. Qc8+ Kh7 50. Qf5+ Kh8 51. Qc8+ Kh7 1/2-1/2

[Event "Championnat de France - Open A"]
[Site "NANCY"]
[Date "2013.08.20"]
[Round "8.3"]
[White "Daurelle, Herve"]
[Black "Helfer, Remi"]
[Result "1-0"]
[WhiteElo "2196"]
[BlackElo "2064"]
[PlyCount "85"]
[EventDate "2013.??.??"]

1. e4 e5 2. Nf3 Nc6 3. d4 exd4 4. Bc4 Bc5 5. O-O Nf6 6. e5 d5 7. exf6 dxc4 8.
fxg7 Rg8 9. Bg5 Be7 10. Re1 Be6 11. Bxe7 Kxe7 12. Re4 d3 13. Nbd2 b5 14. a4 a6
15. cxd3 Qxd3 16. axb5 axb5 17. Rxa8 Rxa8 18. Ng5 c3 19. bxc3 Qxc3 20. Nxe6
fxe6 21. Qg4 Ne5 22. Qg5+ Kd6 23. Rxe5 Qxe5 24. g8=Q Rxg8 25. Qxg8 Qe1+ 26. Nf1
b4 27. Qxh7 c5 28. Qd3+ Kc6 29. h4 Qc1 30. h5 c4 31. Qe4+ Kb5 32. h6 Qxh6 33.
Ne3 c3 34. Qc4+ Ka4 35. g4 Qg6 36. Kg2 Ka3 37. Kg3 Qb1 38. Qa6+ Kb2 39. Nc4+
Kc1 40. Ne3 c2 41. Qc4 b3 42. Qc3 e5 43. Nc4 1-0

[Event "Championnat de France - Open A"]
[Site "NANCY"]
[Date "2013.08.20"]
[Round "8.4"]
[White "Najart, David"]
[Black "Larand, Manuel"]
[Result "1-0"]
[WhiteElo "2156"]
[BlackElo "2004"]
[PlyCount "81"]
[EventDate "2013.??.??"]

1. d4 Nf6 2. c4 c5 3. d5 b5 4. cxb5 a6 5. bxa6 g6 6. Nc3 Bxa6 7. e4 Bxf1 8.
Kxf1 d6 9. g3 Bg7 10. Kg2 O-O 11. Nge2 Nbd7 12. Qc2 Ra6 13. Rd1 Qa8 14. Rb1 e6
15. Nb5 Qb7 16. Nec3 exd5 17. exd5 Re8 18. Bf4 Ne5 19. b3 Nh5 20. Re1 Qd7 21.
Qe2 Raa8 22. Bd2 f5 23. Kg1 f4 24. Kh1 Qh3 25. Qf1 Qxf1+ 26. Rxf1 Nf3 27. Rbd1
Nxd2 28. Rxd2 Be5 29. Kg2 fxg3 30. hxg3 Nf6 31. f3 g5 32. Kf2 Rf8 33. Re1 Rae8
34. Rde2 Nh5 35. Ne4 g4 36. f4 Nxf4 37. gxf4 Bxf4 38. Nf6+ Rxf6 39. Rxe8+ Kg7
40. Kg2 Be5 41. R8xe5 1-0

[Event "Championnat de France - Open A"]
[Site "NANCY"]
[Date "2013.08.20"]
[Round "8.5"]
[White "Messinger, Karl"]
[Black "Garnier, Teddy"]
[Result "1-0"]
[WhiteElo "2139"]
[BlackElo "2051"]
[PlyCount "58"]
[EventDate "2013.??.??"]

1. e4 c6 2. Nc3 d5 3. Nf3 Bg4 4. h3 Bxf3 5. Qxf3 e6 6. d3 Nd7 7. Bd2 Bc5 8. g4
Ne7 9. Qg3 O-O 10. f4 f5 11. O-O-O Qe8 12. gxf5 exf5 13. e5 d4 14. Ne2 Qf7 15.
Rg1 g6 16. Kb1 Rfd8 17. h4 Nf8 18. h5 Ne6 19. Rh1 Kg7 20. Ng1 Nd5 21. Nf3 Be7
22. Be2 Rg8 23. Rh3 Kf8 24. Rg1 g5 25. fxg5 f4 26. Qf2 Bxg5 27. Nxd4 Nxd4 28.
Qxd4 Ke8 29. h6 b6 1-0

[Event "Championnat de France - Open A"]
[Site "NANCY"]
[Date "2013.08.20"]
[Round "8.6"]
[White "Meunier, Clement"]
[Black "Rubino, William"]
[Result "1/2-1/2"]
[WhiteElo "2025"]
[BlackElo "2123"]
[PlyCount "90"]
[EventDate "2013.??.??"]

1. d4 Nf6 2. c4 e6 3. Nc3 Bb4 4. e3 O-O 5. Bd3 d5 6. a3 Be7 7. Nge2 a6 8. Nf4
dxc4 9. Bxc4 b5 10. Be2 c5 11. dxc5 Bxc5 12. b4 Bd6 13. Bf3 Ra7 14. Bb2 Rd7 15.
Qb3 Qc7 16. Nce2 e5 17. Rc1 Qd8 18. Nd5 Nxd5 19. Bxd5 a5 20. O-O axb4 21. axb4
Qe7 22. f4 Bb7 23. Bxb7 Rxb7 24. Ng3 Qe6 25. Qxe6 fxe6 26. Ne4 Bxb4 27. Bxe5
Nd7 28. Bd4 h6 29. Rc6 Re8 30. Rb1 Bf8 31. Nd6 Bxd6 32. Rxd6 Nf6 33. Bxf6 gxf6
34. f5 Kf7 35. Rb4 exf5 36. Kf2 Re4 37. Rdd4 Re5 38. Kf3 Rc7 39. Rb3 Rc1 40.
Rd7+ Kg6 41. Rb7 Rcc5 42. Ra3 Re4 43. Rb3 Rce5 44. Rc3 Rb4 45. Rb6 Rbe4 1/2-1/2

[Event "Championnat de France - Open A"]
[Site "NANCY"]
[Date "2013.08.20"]
[Round "8.7"]
[White "Graeber, Fabien"]
[Black "Dudognon, Thibault"]
[Result "1-0"]
[WhiteElo "2070"]
[BlackElo "2001"]
[Annotator "Rivier,Sylvain"]
[PlyCount "39"]
[EventDate "2013.??.??"]

1. Nf3 Nf6 2. c4 g6 3. g3 b6 4. Bg2 Bb7 5. O-O Bg7 6. Nc3 O-O 7. Re1 d6 8. e4
Nbd7 9. d4 e5 10. b3 Re8 11. Bb2 c6 12. Qc2 Bf8 13. Rad1 Qc7 14. Rd2 a6 15.
Red1 b5 16. d5 cxd5 17. Nxd5 Bxd5 18. cxd5 Qb7 19. Ne1 Rec8 20. Qb1 {suite
illisible} 1-0

[Event "Championnat de France - Open A"]
[Site "NANCY"]
[Date "2013.08.20"]
[Round "8.8"]
[White "Naudier, Serge"]
[Black "Moucheroud, Jeremy"]
[Result "1-0"]
[WhiteElo "2194"]
[BlackElo "2185"]
[PlyCount "89"]
[EventDate "2013.??.??"]

1. e4 c5 2. Nc3 d6 3. Nge2 a6 4. d4 cxd4 5. Nxd4 Nf6 6. Be3 e5 7. Nb3 Be6 8.
Be2 Be7 9. f4 exf4 10. Bxf4 Nc6 11. Qd2 O-O 12. O-O-O Ne5 13. Nd4 b5 14. a3 Qb6
15. Nf5 Bxf5 16. exf5 b4 17. axb4 Qxb4 18. Qd4 Qa5 19. g4 Rfb8 20. Qa4 Qxa4 21.
Nxa4 Rb4 22. Bxe5 dxe5 23. Nc3 Rab8 24. b3 Bc5 25. Nd5 Rd4 26. Rxd4 Bxd4 27.
Nxf6+ gxf6 28. Bxa6 Ra8 29. Bb7 Ra7 30. Be4 Bc3 31. Kd1 Ra1+ 32. Ke2 Rxh1 33.
Bxh1 Kf8 34. Kd3 Be1 35. c4 Bb4 36. Ke4 Ke7 37. Kd5 Kd7 38. c5 Bd2 39. Be4 Kc7
40. Kc4 Bf4 41. h3 Bd2 42. b4 Be1 43. b5 Bf2 44. b6+ Kb8 45. Kb5 1-0

[Event "Championnat de France - Open A"]
[Site "NANCY"]
[Date "2013.08.20"]
[Round "8.9"]
[White "Callet, Emmanuel"]
[Black "Kassis, Antoine"]
[Result "1/2-1/2"]
[WhiteElo "2183"]
[BlackElo "2108"]
[PlyCount "80"]
[EventDate "2013.??.??"]

1. e4 e5 2. Nf3 Nc6 3. Bb5 a6 4. Ba4 Nf6 5. O-O b5 6. Bb3 Bc5 7. c3 d6 8. d3 h6
9. Qe2 O-O 10. h3 Bb6 11. Be3 Ne7 12. Bxb6 cxb6 13. Kh2 Ng6 14. g3 Nh7 15. Ng1
Kh8 16. Qh5 Nf6 17. Qe2 d5 18. Nd2 Ra7 19. Rad1 Re7 20. Qf3 Be6 21. Ne2 Qd7 22.
Qg2 Rd8 23. Bc2 Nh5 24. d4 dxe4 25. Nxe4 Bd5 26. dxe5 Nxe5 27. c4 bxc4 28. N2c3
Qb7 29. Nxd5 Rxd5 30. Nc3 Rxd1 31. Rxd1 Qxg2+ 32. Kxg2 Rd7 33. Re1 Nd3 34. Re8+
Kh7 35. Ra8 g6 36. Rxa6 Nb4 37. Ba4 Rb7 38. Ra8 Nd3 39. b3 cxb3 40. Bxb3 Nf6
1/2-1/2

[Event "Championnat de France - Open A"]
[Site "NANCY"]
[Date "2013.08.20"]
[Round "8.10"]
[White "Veron, Cyprien"]
[Black "Dutreuil, Raphael"]
[Result "1-0"]
[WhiteElo "2078"]
[BlackElo "2067"]
[PlyCount "57"]
[EventDate "2013.??.??"]

1. Nf3 Nf6 2. c4 g6 3. g3 Bg7 4. Bg2 O-O 5. O-O c6 6. d4 d5 7. cxd5 cxd5 8. Ne5
Ng4 9. f4 Nxe5 10. fxe5 Nc6 11. Nc3 Be6 12. e3 f6 13. exf6 exf6 14. Qb3 Na5 15.
Qb5 a6 16. Qd3 Qd7 17. b3 b5 18. Ba3 Rfe8 19. Bc5 Rac8 20. Rae1 f5 21. Rf2 Bf8
22. Bxf8 Rxf8 23. Rc2 Rc6 24. Rec1 Rfc8 25. Ne2 Kf8 26. Rxc6 Nxc6 27. Rc5 Nb4
28. Qd2 Rxc5 29. Qxb4 1-0

[Event "Championnat de France - Open A"]
[Site "NANCY"]
[Date "2013.08.21"]
[Round "9.1"]
[White "Samoun, Florent"]
[Black "Peyre, Thomas"]
[Result "1-0"]
[WhiteElo "2116"]
[BlackElo "2098"]
[Annotator "Rivier,Sylvain"]
[PlyCount "59"]
[EventDate "2013.??.??"]

1. e4 c5 2. Nc3 e6 3. g3 d5 4. d3 dxe4 5. Nxe4 Bd7 6. Bg2 Bc6 7. Nf3 Be7 8. O-O
Nf6 9. Ne5 Nxe4 10. Nxc6 Nxc6 11. dxe4 Bf6 12. c3 Qe7 13. Be3 O-O 14. Qh5 Be5
15. f4 g6 16. Qe2 Bc7 17. Qb5 Bb6 18. a4 Na5 19. b4 Nb3 20. Rad1 Rac8 21. a5
Bd8 22. Qc4 Nxa5 23. bxa5 Bxa5 24. e5 a6 25. Ra1 b5 26. Qd3 c4 27. Qd6 Qxd6 28.
exd6 Bxc3 29. Rxa6 Rfd8 30. Rd1 {suite illisible} 1-0